LIBRARY & INFORMATION CENTRE, KCAET, TAVANUR

ONLINE PUBLIC ACCESS CATALOGUE (OPAC)

Glossary of hydro-geology / (Record no. 10169)

MARC details
000 -LEADER
fixed length control field 00478cam a2200181ua 4500
020 ## - INTERNATIONAL STANDARD BOOK NUMBER
ISBN 81 7024 560 5
041 ## - LANGUAGE CODE
Language code of text/sound track or separate title eng
082 ## - DEWEY DECIMAL CLASSIFICATION NUMBER
Classification number 551.48
Item number MAH/GL
100 ## - MAIN ENTRY--AUTHOR NAME
Personal name Mahajan, Gautham .
245 ## - TITLE STATEMENT
Title Glossary of hydro-geology /
260 ## - PUBLICATION, DISTRIBUTION, ETC. (IMPRINT)
Place of publication New Delhi :
Name of publisher Ashish Publishing House ,
Year of publication 1993.
300 ## - PHYSICAL DESCRIPTION
Number of Pages 597 ; .
500 ## - GENERAL NOTE
General note **Reference
942 ## - ADDED ENTRY ELEMENTS (KOHA)
Koha item type Books
Holdings
Withdrawn status Lost status Damaged status Home library Current library Shelving location Date acquired Full call number Accession Number Koha item type
      KAUAET KAUAET General Stacks 07/04/2012 551.48 MAH/HY 19713 Books
free website counter